Hyrule Warriors: l'Ere du Fléau - Personnages - Statistiques

Statistiques générales
  • Ce quiz a été pris 43 fois
    38 depuis la dernière actualisation
  • Le résultat moyen est 20 sur 42
Statistiques - réponses
Par images Réponse % Correct
Link
100%
Princesse Zelda
100%
Impa
96%
Daruk
93%
Mipha
93%
Prince Sidon
93%
Revali
93%
Urbosa
93%
Ganon, le Fléau
86%
Noïa
86%
Pru'Ha
86%
Riju
82%
Roi Rhoam Bosphoramus Hyrule
82%
Teba
82%
Yunobo
82%
Vénérable Arbre Mojo
79%
Faras
75%
le Grand Kohga
75%
Terrako
68%
Astor
64%
Roi Dorefah
57%
Grandes Fées
54%
Suppa
54%
Guide Miz'Kyosia
29%
Gardien aguerri
25%
Emprise de Ganon
21%
Abathy
4%
Amandin
4%
Balvoy
4%
Bena
4%
Chérole
4%
Dessa
4%
Tudée
4%
Atak
0%
Cabène
0%
Gajua
0%
Hémine
0%
Jézya
0%
Mandar
0%
Patura
0%
Rasédro
0%
Tibléas
0%
Aucun quiz correspondant
Distribution des résultats
% des personnes avec chaque résultat
Percentile par nombre de réponses
Votre historique - résultats
Vous n’avez pas pris ce quiz depuis la dernière actualisation